000 00581nam a2200193Ia 4500
999 _c6886
_d6886
020 _a9788190358033
082 _a001.42 PRA-C
100 _aPratt, Brian
245 0 _aChoosing research methods: data collection for development workers
260 _aNew Delhi
_bThe Publisher
_c2009
300 _axiv, 146
440 _aDevelopment guidelines; 7
504 _aincludes bibliography and index
650 _aResearch
_vMethodology
650 _aResearch
_vData processing
650 _aDeveloping countries
_vSocial conditions
_vSurveys
700 _aLoizos, Peter
942 _cBK